000 00553nam a2200229Ia 4500
005 20250425162142.0
008 250425s9999 xx 000 0 und d
020 _a8449418399
041 _aspa
082 _a750
110 _aOCEANO GRUPO EDITORIAL
245 0 _aCURSO PRACTICO DE PINTURA: 2 PINTANDO FLORES - PASTEL
250 _a1A ED.
260 _aBARCELONA
260 _aEspaña
_bOCEANO
_c2003
300 _a359
650 _aCOLOR
650 _aDISEÑO GRAFICO
650 _aTECNICAS DE PINTURA
942 _c01
010 _a53211
999 _c223388
_d223388